| 000 | 01053nam a22003137a 4500 | ||
|---|---|---|---|
| 003 | CHAP | ||
| 005 | 20220329140210.0 | ||
| 008 | 971013s1976 r 00010 d | ||
| 010 | _a48440 | ||
| 011 | _a49412 | ||
| 035 | _a53560 | ||
| 040 | _cCHAP | ||
| 082 |
_a631.0915 _bR5 |
||
| 100 | 0 | 0 |
_aRiehl, Sallie _ecomp. _997392 |
| 245 |
_aDryland agriculture bibliography _b: a list of materials on agriculture of semi-arid temperate regions |
||
| 260 |
_aCorvallis : _bOregon State University, _c1976 |
||
| 300 | _a167 p. | ||
| 590 |
_aBATCH-UPD _b10 _c20130110 _lUCH01 _h0050 |
||
| 590 |
_aBATCH-UPD _b10 _c20130110 _lUCH01 _h2131 |
||
| 590 |
_aBATCH-UPD _b10 _c20130409 _lUCH01 _h2037 |
||
| 590 |
_aBATCH-UPD _b10 _c20130914 _lUCH01 _h1720 |
||
| 590 |
_aCONVERSION _b10 _c20130109 _lUCH01 _h1326 |
||
| 650 | 1 | 4 |
_aRegiones áridas _xAgricultura _xBibliografía. _995671 |
| 700 | 0 |
_aBaker, Robert C. _ecomp. _99569 |
|
| 700 | 0 |
_aKinch, Michael _ecomp. _963245 |
|
| 901 | _aBK | ||
| 942 | _cLIBRO | ||
| 949 |
_a631.0915 R5 _bBC _cC _d33724000568663 _eC _h67601 _i53560 _si |
||
| 999 |
_c48440 _d48440 |
||